000 00270nam a22001217a 4500
008 171227b xxu||||| |||| 00| 0 eng d
041 _aeng
080 _a94
100 _a17
101 _aHIS
245 _aU.S.-MEXICAN RELATIONS, 1910-1940
_cKNIGHT,A
942 _2udc
_cBK
999 _c39500
_d39500